| 000 | 00537nam a2200217Ia 4500 | ||
|---|---|---|---|
| 003 | OSt | ||
| 005 | 20220603144424.0 | ||
| 008 | 210210b2019 xxu||||| |||| 00| 0 eng d | ||
| 020 | _a9789352025916 | ||
| 040 | _cAL | ||
| 041 | _aeng | ||
| 082 | _a330.15 GHOC | ||
| 100 |
_aGHOSH (B N) _940342 |
||
| 245 | _aConcise history of economic thought | ||
| 260 |
_aMumbai _bHimalaya Publishing House _c2019 |
||
| 300 | _a379 | ||
| 690 |
_aEconomic Thought _940346 |
||
| 700 |
_aGHOSH (Rama) _940347 |
||
| 906 | _a074485 | ||
| 942 |
_2ddc _cBK |
||
| 999 |
_c125946 _d125946 |
||